<?xml version="1.0" encoding="UTF-8"?><?xml-stylesheet type="text/xsl" href="static/style.xsl"?><OAI-PMH xmlns="http://www.openarchives.org/OAI/2.0/" xmlns:xsi="http://www.w3.org/2001/XMLSchema-instance" xsi:schemaLocation="http://www.openarchives.org/OAI/2.0/ http://www.openarchives.org/OAI/2.0/OAI-PMH.xsd"><responseDate>2026-04-17T10:15:55Z</responseDate><request verb="GetRecord" identifier="oai:www.recercat.cat:2072/455338" metadataPrefix="marc">https://recercat.cat/oai/request</request><GetRecord><record><header><identifier>oai:recercat.cat:2072/455338</identifier><datestamp>2026-03-13T07:16:12Z</datestamp><setSpec>com_2072_98</setSpec><setSpec>col_2072_378192</setSpec></header><metadata><record xmlns="http://www.loc.gov/MARC21/slim" xmlns:dcterms="http://purl.org/dc/terms/" xmlns:xsi="http://www.w3.org/2001/XMLSchema-instance" xmlns:doc="http://www.lyncode.com/xoai" xsi:schemaLocation="http://www.loc.gov/MARC21/slim http://www.loc.gov/standards/marcxml/schema/MARC21slim.xsd">
   <leader>00925njm 22002777a 4500</leader>
   <datafield ind2=" " ind1=" " tag="042">
      <subfield code="a">dc</subfield>
   </datafield>
   <datafield ind2=" " ind1=" " tag="720">
      <subfield code="a">Garcia Garcia, Cosme</subfield>
      <subfield code="e">author</subfield>
   </datafield>
   <datafield ind2=" " ind1=" " tag="720">
      <subfield code="a">Ribas Barquet, Núria</subfield>
      <subfield code="e">author</subfield>
   </datafield>
   <datafield ind2=" " ind1=" " tag="720">
      <subfield code="a">Recasens, Lluís</subfield>
      <subfield code="e">author</subfield>
   </datafield>
   <datafield ind2=" " ind1=" " tag="720">
      <subfield code="a">Meroño, Oona</subfield>
      <subfield code="e">author</subfield>
   </datafield>
   <datafield ind2=" " ind1=" " tag="720">
      <subfield code="a">Subirana, Isaac</subfield>
      <subfield code="e">author</subfield>
   </datafield>
   <datafield ind2=" " ind1=" " tag="720">
      <subfield code="a">Fernández, A.</subfield>
      <subfield code="e">author</subfield>
   </datafield>
   <datafield ind2=" " ind1=" " tag="720">
      <subfield code="a">Pérez Pérez, Antonio</subfield>
      <subfield code="e">author</subfield>
   </datafield>
   <datafield ind2=" " ind1=" " tag="720">
      <subfield code="a">Miranda, F.</subfield>
      <subfield code="e">author</subfield>
   </datafield>
   <datafield ind2=" " ind1=" " tag="720">
      <subfield code="a">Tizón-Marcos, Helena</subfield>
      <subfield code="e">author</subfield>
   </datafield>
   <datafield ind2=" " ind1=" " tag="720">
      <subfield code="a">Martí-Almor, Julio</subfield>
      <subfield code="e">author</subfield>
   </datafield>
   <datafield ind2=" " ind1=" " tag="720">
      <subfield code="a">Bruguera Cortada, Jordi</subfield>
      <subfield code="e">author</subfield>
   </datafield>
   <datafield ind2=" " ind1=" " tag="720">
      <subfield code="a">Elosua, Roberto</subfield>
      <subfield code="e">author</subfield>
   </datafield>
   <datafield ind2=" " ind1=" " tag="260">
      <subfield code="c">2017</subfield>
   </datafield>
   <datafield ind2=" " ind1=" " tag="520">
      <subfield code="a">ST Segment Elevation Acute myocardial infarction (STEMI) preferred treatment is culprit artery reperfusion with primary percutaneous coronary intervention (PPCI). We ought to analyze the benefit of early reperfusion vs. optimal medical therapy in STEMI before and after the set-up of a regional STEMI network that prioritizes PPCI. Between January 2002 and December 2013, 1268 STEMI patients were consecutively admitted in a University Hospital. Patients were classified in two groups: pre-STEMI Network (January 2002-June 2009; n = 670) and post-STEMI network (July 2009-December 2013; n = 598). Vital status was available at 2-year follow-up. The STEMI network increased reperfusion (89.2% vs 64.4%, p &lt; 0.001) mainly using PCI (99.0% vs 43.9%, p &lt; 0.001). In univariate analysis, in-hospital mortality was significantly lower in the post-STEMI network period (2.51% vs. 7.16%, p &lt; 0.001). After multivariate adjustment, including age, sex, comorbidities, severity and reperfusion therapy, a trend to a lower in-hospital mortality was observed (post-Network OR: 0.50, 95% CI:0.16-1.59, p = 0.24); this trend disappeared when optimal medical therapy was included in the model (post-Network OR: 1.14, 95% CI:0.32-4.08, p = 0.840). No differences in 2-year mortality were observed (post-Network HR: 0.83; CI 95%: 0.55-1.25, p = 0.37). A STEMI network with PPCI 24/7 improved reperfusion therapy, resulting in an increase on PPCI. Despite in-hospital mortality decreased with a STEMI network, 2-year mortality remained similar in both periods, pre- and post-Network. Optimal medical therapy could be as important as reperfusion therapy in a STEMI reperfusion network.</subfield>
   </datafield>
   <datafield tag="653" ind2=" " ind1=" ">
      <subfield code="a">Reperfusion network</subfield>
   </datafield>
   <datafield tag="653" ind2=" " ind1=" ">
      <subfield code="a">AMI prognosis</subfield>
   </datafield>
   <datafield tag="653" ind2=" " ind1=" ">
      <subfield code="a">Long-term mortality</subfield>
   </datafield>
   <datafield tag="653" ind2=" " ind1=" ">
      <subfield code="a">Optimal medical therapy</subfield>
   </datafield>
   <datafield tag="653" ind2=" " ind1=" ">
      <subfield code="a">Reperfusion therapy</subfield>
   </datafield>
   <datafield ind2="0" ind1="0" tag="245">
      <subfield code="a">In-hospital prognosis and long-term mortality of STEMI in a reperfusion network. "Head to head" analisys : invasive reperfusion vs optimal medical therapy</subfield>
   </datafield>
</record></metadata></record></GetRecord></OAI-PMH>